BIBLIOTHÈQUE DE LA MAISON DU MEXIQUE

Logo 1 Logo 2

Albores de la República (notice nᵒ 10451)

détails MARC
000 -Sello discográfico
campo de control de longitud fija 00909nam a2200349 4500
005 - Identificación de versión
campo de control 20251016083016.0
035 ## - Otros números de control del sistema
Número de control del sistema 1554
099 ## - fechas locales
Tipo de ítem Koha LIBRO
100 ## - Datos de procesamiento general
Datos de procesamiento general 20040108d1949 m y1spay5003 ba
105 ## - Campo de datos codificados: Material textual, monográfico
Datos codificados de monografía y 001zy
200 1# - Título y mención de responsabilidad
Título propio Albores de la República
Designación general del material texto impreso
Primer mención de responsabilidad Lorenzo de Zavala
210 ## - Publicación, distribución, etc.
Lugar de publicación, distribución, etc. México
Nombre del editor, distribuidor, etc. Empresas Editoriales
Fecha de publicación, distribución, etc. 1949
215 ## - Descripción física
Designación de material específico y extensión del ítem 288 p
Dimensiones 18 cm
318 ## - Nota de acción
Acción No se presta a domicilio
345 ## - Nota de información de adquisición
Fuente de adquisición/dirección de la suscripción [OBSOLETO] Donación
410 #1 - Series
Título El liberalismo mexicano en pensamiento y en acción
Número de volumen 13
607 ## - Nombre geográfico utilizado como tema
Elemento de entrada México
Subdivisión temática Historia
Subdivisión cronológica 1821-1861
Número Koha 2709
660 ## - Código de área geográfica
Código MX
676 ## - Clasificación Decimal Dewey
Número R972.042 Z11a
700 ## - Nombre personal - Responsabilidad primaria
Elemento de entrada Zavala
Parte del nombre distinta del elemento de entrada Lorenzo de
Fechas 1788-1836
Número Koha 3910
801 #0 - Fuente de origen
Agencia cm
900 ## -
-- 1/5850
900 ## -
-- 7100417611\080104
942 ## - ELEMENTOS DE ENTRADA SECUNDARIOS (KOHA)
Tipo de ítem Koha Livre

Pas d'exemplaire disponible.